Історія Малоросії (Запис № 390073)

МАРК-запис
000 -Лідер
fixed length control field 00821nam a22002657a 4500
001 - Контрольний номер
control field 103688
003 - Ідентифікатор контрольного номера
control field UA-OsUOA
005 - Дата та час останнього входження (трансакції)
control field 20260304103914.0
007 - Фіксоване поле фізичного опису
fixed length control field ta
008 - Елементи даних фіксованої довжини – загальна інформація
fixed length control field 20131114b un ||||| |||| 00| 0 ukr d
020 ## - Міжнародний стандартний книжковий номер (ISBN)
Міжнародний стандартний книжковий номер (ISBN) (НП) 9663130121
040 ## - Джерело каталогізації
Агенція оригінальної каталогізації UA-OsUOA
Мова каталогізації ukr
Агенція, яка здійснювала перезапис UA-OsUOA
Агенція, яка здійснювала модифікацію UA-OsUOA
041 ## - Код мови
Код мови тексту/ звукової доріжки чи окремого заголовка (П) ukr
080 ## - Індекс Універсальної десяткової класифікації
Індекс Універсальної десяткової класифікації (УДК) (НП) 94(477)
090 ## - Локальний шифр розміщення
Класифікаційний індекс УДК 94(477)
Авторський знак (НП) М26
100 ## - Основне введення – ім’я особи
Ім’я особи (НП) Маркевич М.
9 (RLIN) 23219
245 ## - Відомості про назву
Назва (НП) Історія Малоросії
Дані про відповідальність (НП) Микола Маркевич ; відп. ред. Ю. С. Шемшученко
260 ## - Публікація, розповсюдження і т.п. (Вихідні дані)
Місце публікації, розповсюдження і т.п. (П) К.
Ім’я/ наймення видавництва, розповсюджувача і т.п. (П) Ін Юре
Дата публікації, розповсюдження і т.п. (П) 2003
300 ## - Фізичний опис
Обсяг 664 с.
650 #7 - Додаткове предметне введення – тематичний термін
Тематичний термін чи географічна назва, як елемент введення (НП) 94(477) Історія України
Джерело заголовка чи терміна UDC
9 (RLIN) 40
700 1# - Додаткове введення – ім'я особи
Ім’я особи (НП) Шемшученко Ю. С.
Термін відношення ред.
9 (RLIN) 3384
942 ## - Додаткові елементи входу (Коха)
Тип елемента Koha Книги
Source of classification or shelving scheme Universal Decimal Classification
955 ## - Код типу видання за змістом
Код типу видання за змістом (НП) Наукові видання
Фонди
Стан вилучень Стан втрат Джерело класифікації або схеми стелажів Стан уражень Не для кредиту Постійне місце розташування Поточне розміщення Дата придбання Джерело придбання Вартість, звичайна ціна покупки Інвентарний номер Усього замовленно Повний номер виклику Штрих-код Дата останнього перегляду Дата останньої перевірки Ціна ефективна від Тип елемента Koha Код колекції Вартість, ціна заміни
    Universal Decimal Classification     АБ - Абонемент НБ АБ - Абонемент НБ 16/08/2017 32/2017 45.00 154654   94(477) М26 154654 15/02/2022   14/11/2013 Книги Колекція Жулинського М.Г.  
    Universal Decimal Classification     АБ - Абонемент НБ АБ - Абонемент НБ 18/02/2026 №05/16.02.2026 45.00     94(477) М26 169352 18/02/2026   18/02/2026 Книги Колекція Шевчука Валерія 45.00
    Universal Decimal Classification     ЧЗ - Читальна зала ЧЗ - Читальна зала 14/11/2013 60/2013 45.00 144170 1 94(477) М26 144170 10/02/2022 29/09/2021 14/11/2013 Книги